SpongeBob SquarePants Countries Visited Map - Statistics

General Stats
  • This quiz has been taken 128 times
  • The average score is 8 of 11
Answers on the Map
Answers color-coded by a green-red scale on the quiz's map according to % correct below.
 
Answer Stats
Country % Correct
United States
98%
Mexico
83%
Australia
80%
United Kingdom
77%
Russia
75%
Brazil
74%
France
73%
India
72%
Germany
68%
Spain
67%
Marshall Islands
24%
No matching quizzes found
Score Distribution
Percent of People with Each Score
Percentile by Number Answered
Your Score History
You have not taken this quiz